00937nam a22002657a 45000010005000000030006000050050017000110080041000280200018000690400029000870500020001160820016001361000019001522450084001712600052002553000044003074900086003515050008004375200104004455210020005495210020005696500021005896500026006107000035006369624FISKH20260126135840.0260126b cb ||||| |||| 00| 0 eng d a9780007117307 aFISKHbengcFISKHdFISKH a PZ7 .L58474 .C a823.087661  aLewis , C.S .  aThe Chronicles of Narnia / cBy C.S. Lewis With illustratios by Pauline Baynes  aLondon : bHarpercollins Publishers , c1950 .  a766 pages : billustrations ;c23 cm .  aThe Chronicles of Narnia: Publication orderv(Collections and Selections — 1-7) aZ  aAslan, the noble lion, and the royal leaders of Narnia struggle against the magical forces of evil.8 a970 bLexile 8 aZ bRaz-Plus  aFantasyvFiction aYoung adult vFiction aBaynes , PaulineeIllustrator